000 00399nam a2200157Ia 4500
008 210716s1980 xx 000 0 und d
020 _a0030445019
041 _aeng
082 _a305.8 SPRJ
100 _aSpradley, James P.
245 _aParticipant observation.
250 _a1
260 _aNew York
_bHolt, Rinehart and winston Inc
_c1980
300 _axi,195
650 _aGeneral Management
999 _c200610
_d200610